00884nam a2200217 a 450000100100000000500170001000800410002704000250006808200180009310000490011124500590016026000490021930000200026859000260028865000290031465000310034391000370037495201160041195201220052799900170064900001713720200929165030.0100318s1944 dr 000 p spa d aDO-SdBNPbspacBNPHU a861.44bP348c1 aPaz y Mateos, Alberto de,d1915-1967.93773810aCanto en cinco variaciones /cAlberto de Paz y Mateos. a[Santo Domingo] :bEdiciones Saudade,c1944. a34 p. ;c19 cm. aInventariado, 2018/LP 4aPoesía española9631 4aLiteratura española9632 aValidado. Control de calidad MFF 0010718PDaPDbPDcHDd2010-03-18iLF1l0o861.44 P348cp17137-10r2020-06-25w2020-06-25yLFPDZNo se presta 0010718PDaPDbPDcHDd2010-07-12iLF1l0o861.44 P348cp17137-30r2020-06-25te. 2w2020-06-25yLFPDZNo se presta c16663d16663